000 00729nam a2200265Ia 4500
008 181129s9999 xx 000 0 und d
020 _a9780545639101
050 _bG653 2013
100 _aGoodman, Susan F.
245 0 _aHow do you burp in space? :
245 4 _band othe tips every space tourist needs to know /
245 0 _cby Susan E. Goodman ; illustrated by Michael Slack.
260 _aNew York, NY :
260 _bScholastic,
260 _c2013
300 _a71 pages :
300 _bcolor illustrations ;
300 _c22cm.
500 _a830L
650 _aInterplanetary voyages.
650 _aManned space flight.
650 _aSpace tourism.
700 _aSlack, Michael.
700 _aTitle.
999 _c359824
_d359824